000 00446nam a2200169 a 4500
001 0000-8972
003 ELIB.Books
008 110520 1996
035 _a(ELIB.Books)0000-9121
082 _a253
_bLew
100 _aLewis, Phillip V.
245 _aTransformational Leadership
260 _bNashville: Broadman & Holman Publishers
_c1996
650 _aPastoral Theology
942 _2ddc
_cBK
998 _cbat
_e2011-05-20
999 _c8972
_d8972